| 000 | 00562nam a22001937a 4500 | ||
|---|---|---|---|
| 003 | BUBTL | ||
| 008 | 210207b xxu||||| |||| 00| 0 eng d | ||
| 020 | _a9789380308265 | ||
| 082 | _a519.2 / N135s | ||
| 100 |
_93857 _aNagla, J.R. |
||
| 245 |
_aStatistics for Textile Engineers / _cJ.R.Nagla |
||
| 260 |
_aNew Delhi : _bWoodhead Publishing India Pvt.Ltd., _cc2014. |
||
| 300 |
_axii, 316 p. : _c23 cm. |
||
| 500 | _aIncludes Index | ||
| 650 | 0 |
_9171 _aStatistics |
|
| 856 |
_k0 _l0 _yDownload |
||
| 942 |
_2ddc _cBK |
||
| 999 |
_c6432 _d6432 |
||